Donativo para los damnificados de Managua
Publicado:
San Jorge, núm. 89 (1r trimestre 1973), pàg 56 :
MARC
| LEADER | 00000nam a2200000Ia 4500 | ||
|---|---|---|---|
| 001 | |||
| 008 | 160829s9999 xx 000 0 cat d | ||
| 245 | |a Donativo para los damnificados de Managua | ||
| 260 | |a San Jorge, núm. 89 (1r trimestre 1973), pàg 56 | ||
| 650 | |a Socors a les víctimes de catàstrofes |x Managua (Nicaragua) |9 41865 | ||
| 650 | |a Ajuda econòmica |9 44729 | ||
| 901 | |a Arxiu | ||
| 942 | |n 1 | ||
| 952 | |0 0 |1 0 |4 0 |7 1 |9 50519 |a Arxiu |b Arxiu |d 2016-12-01 |l 0 |r 2016-12-01 00:00:00 |w 2016-12-01 |y ARXIU | ||
| 999 | |c 54361 |d 54361 | ||